Георгий Димитров и советская общественность : (Record no. 156694)
[ view plain ]
| 000 -LEADER | |
|---|---|
| fixed length control field | 01274nam a2200253 u 4500 |
| 001 - CONTROL NUMBER | |
| control field | 000411676 |
| 003 - CONTROL NUMBER IDENTIFIER | |
| control field | AM-YeHGA |
| 005 - DATE AND TIME OF LATEST TRANSACTION | |
| control field | 20250617132810.0 |
| 008 - FIXED-LENGTH DATA ELEMENTS--GENERAL INFORMATION | |
| fixed length control field | 050223s1975 ||||||||||||||||||||rus d |
| 040 ## - CATALOGING SOURCE | |
| Original cataloging agency | AM-YeHGA |
| 041 1# - LANGUAGE CODE | |
| Language code of text/sound track or separate title | rus |
| Language code of original | bul |
| 090 ## - LOCALLY ASSIGNED LC-TYPE CALL NUMBER (OCLC); LOCAL CALL NUMBER (RLIN) | |
| -- | 158096 |
| 100 1# - MAIN ENTRY--PERSONAL NAME | |
| Personal name | Хаджиниколов, Веселин |
| 245 10 - TITLE STATEMENT | |
| Title | Георгий Димитров и советская общественность : |
| Remainder of title | 1934-1945 : Сокр. пер. с болг. / |
| Statement of responsibility, etc. | Веселин Хаджиниколов ; Пер. А.Н. Киршевской, А.М. Коренькова ; Под ред. В.П. Груздевой. |
| 246 35 - VARYING FORM OF TITLE | |
| Title proper/short title | Георги Димитров и сьветската общественост : |
| Remainder of title | 1934-1945 |
| 260 ## - PUBLICATION, DISTRIBUTION, ETC. | |
| Place of publication, distribution, etc. | Москва : |
| Name of publisher, distributor, etc. | Прогресс, |
| Date of publication, distribution, etc. | 1975. |
| 300 ## - PHYSICAL DESCRIPTION | |
| Extent | 296 с. |
| 534 ## - ORIGINAL VERSION NOTE | |
| Introductory phrase | Оригинал: |
| Title statement of original | Георги Димитров и сьветската общественост / |
| Main entry of original | Веселин Хаджиниколов - |
| Publication, distribution, etc. of original | София, 1972 |
| 600 14 - SUBJECT ADDED ENTRY--PERSONAL NAME | |
| Personal name | Димитров, Георгий |
| 650 14 - SUBJECT ADDED ENTRY--TOPICAL TERM | |
| Topical term or geographic name entry element | История Коммунистической партии |
| 700 1# - ADDED ENTRY--PERSONAL NAME | |
| Personal name | Киршевская, А.Н. |
| Relator term | пер. |
| Relationship | trl |
| 700 1# - ADDED ENTRY--PERSONAL NAME | |
| Personal name | Кореньков, А.М. |
| Relator term | пер. |
| Relationship | trl |
| 700 1# - ADDED ENTRY--PERSONAL NAME | |
| Personal name | Груздева, В.П. |
| Relator term | ред. |
| Relationship | edt |
| Withdrawn status | Lost status | Damaged status | Not for loan | Collection | Home library | Current library | Date acquired | Total checkouts | Full call number | Barcode | Date last seen | Price effective from | Koha item type | Public note |
|---|---|---|---|---|---|---|---|---|---|---|---|---|---|---|
| General | Fundamental Scientific Library | Fundamental Scientific Library | 28/12/2016 | PII/353911 | FL0307627 | 28/12/2016 | 28/12/2016 | Գրքեր / Books | 30 Days Loan | |||||
| General | Fundamental Scientific Library | Fundamental Scientific Library | 28/12/2016 | PII/356568 | FL0315106 | 28/12/2016 | 28/12/2016 | Գրքեր / Books | 30 Days Loan |
ՀՀ Գիտությունների ազգային ակադեմիայի հիմնարար գիտական գրադարան = Fundamental Scientific Library of NAS RA
All site content, except where otherwise noted, is licensed under a